zpět

Detail výsledku týmu

Základna, Jihlava

Datum a čas kvízu

32 Celkem bodů Celkový počet nahraných bodů na tomto kvízu bez doplňovacích otázek.
1. Pořadí na kvízu Konečné umístění týmu na tomto kvízu.

Zaznamenané odpovědi

# Otázka Odpověď Body Výsledky
1. Jak se nazývá zámek nedaleko P... Štiřín 0
2. Američan Lorenzo Prendini, kap... A 0
3. V úterý byl zahájen 77. ročník... v Cannes 1
4. Bývalá manželka Billa Gatese M... Gatesova nadace 0
5. V sobotu se v Rijádu konal dlo... Tyson Fury, Oleksandr Usyk 1
6. Jména Mnata, Vojen či Vnislav... A 0
7. Podle pověsti prý zvony z kost... ve čtvrtek (na Zelený čtvrtek) 1
8. Přiřaďte k sobě dvojice hrdinů... 1B 2C 3A 4D 1
9. O hřbitovním kostele sv. Maří... Svatební košile 1
10. Pokud dokážete určit, co tento... Stadice 0